000
00305nam a22001097a 4500
008
160422b xxu||||| |||| 00| 0 eng d
020
_a
9781284044799
041
_a
eng
080
_a
618.2
245
_a
Pharmacology for nursing:
_c
Dwayne Accardo; Catherine Bodine; Jacqueline Lee Rosenjack;
942
_2
udc
_c
BK
999
_c
1529
_d
1529